000 00339nam a2200133Ia 4500
008 151001s9999||||xx |||||||||||||| ||und||
100 _a बद्रीनाथ
245 _aधून्द मे डुबे हुए
250 _a1
260 _bसंगीता
260 _c2008
300 _a152
365 _b21
999 _c994816
_d994813